Mission-driven companies: a risk-based approach (notice n° 1723740)

détails MARC
000 -LEADER
fixed length control field 00986cam a2200169 4500500
005 - DATE AND TIME OF LATEST TRANSACTION
control field 20260322002456.0
041 ## - LANGUAGE CODE
Language code of text/sound track or separate title fre
042 ## - AUTHENTICATION CODE
Authentication code dc
100 10 - MAIN ENTRY--PERSONAL NAME
Personal name Rhattat, Rachid
Relator term author
245 00 - TITLE STATEMENT
Title Mission-driven companies: a risk-based approach
260 ## - PUBLICATION, DISTRIBUTION, ETC.
Date of publication, distribution, etc. 2026.<br/>
500 ## - GENERAL NOTE
General note 72
520 ## - SUMMARY, ETC.
Summary, etc. This article deals with the risks faced by a company wishing to become a mission-driven company. In addition to the existing and potential legal risks associated with liability issues, reputational risk can have a lasting impact on a company’s image. Through a multiple case study, we demonstrate that a pro-active and multidisciplinary approach is more necessary than ever to prevent and reduce the occurrence of risk.
700 10 - ADDED ENTRY--PERSONAL NAME
Personal name Docq, Sébastien
Relator term author
786 0# - DATA SOURCE ENTRY
Note Vie & sciences de l'entreprise | 226-227 | 3-4 | 2026-02-03 | p. 172-188 | 2262-5321
856 41 - ELECTRONIC LOCATION AND ACCESS
Uniform Resource Identifier <a href="https://shs.cairn.info/journal-vie-sciences-de-lentreprise-2025-3-4-page-172?lang=en&redirect-ssocas=7080">https://shs.cairn.info/journal-vie-sciences-de-lentreprise-2025-3-4-page-172?lang=en&redirect-ssocas=7080</a>

Pas d'exemplaire disponible.

PLUDOC

PLUDOC est la plateforme unique et centralisée de gestion des bibliothèques physiques et numériques de Guinée administré par le CEDUST. Elle est la plus grande base de données de ressources documentaires pour les Étudiants, Enseignants chercheurs et Chercheurs de Guinée.

Adresse

627 919 101/664 919 101

25 boulevard du commerce
Kaloum, Conakry, Guinée

Réseaux sociaux

Powered by Netsen Group @ 2025